[Event "St Petersburg Rapid GP"]
[Site "St Petersburg"]
[Date "2024.08.25"]
[Round "7"]
[White "Lobanov, Sergei"]
[Black "Gorlov, Artem"]
[Result "1-0"]
[WhiteElo "2506"]
[BlackElo "2114"]
[PlyCount "137"]
[EventDate "2024.08.24"]
[EventType "swiss (rapid)"]
[EventRounds "11"]
[EventCountry "RUS"]
[SourceTitle "CBM 221 Extra"]
[Source "ChessBase"]
[SourceDate "2024.09.30"]
[SourceVersion "1"]
[SourceVersionDate "2024.09.30"]
[SourceQuality "1"]

1. d4 Nf6 2. c4 c6 3. Nf3 d5 4. e3 e6 5. b3 Nbd7 6. Bd3 c5 7. cxd5 Nxd5 8. 0-0 cxd4 9. Nxd4 Be7 10. Bb2 0-0 11. Nd2 Bf6 12. Ne4 Be7 13. Rc1 N7f6 14. Ng5 h6 15. Ngf3 a6 16. Bb1 Bd7 17. Ne5 Be8 18. a3 Bd6 19. Nc4 Bc7 20. Qd3 e5 21. Nf5 e4 22. Qd4 Bc6 23. Ne5 Bb5 24. Rfd1 Bb6 25. Qd2 Re8 26. h3 Bc7 27. Ng4 Bc6 28. Qe2 Nxg4 29. Qxg4 Qg5 30. Rxd5 Qxg4 31. hxg4 Bxd5 32. Rxc7 Bxb3 33. Rxb7 Rab8 34. Rxb8 Rxb8 35. Bxe4 f6 36. Bc3 Be6 37. Bb4 Kf7 38. f3 Ba2 39. Bd3 Ra8 40. Ba5 Be6 41. Kf2 Rb8 42. Bb4 a5 43. Nd6+ Ke7 44. Bc5 Kd8 45. Bb5 Bd7 46. Nf7+ Ke8 47. Nd6+ Kd8 48. a4 Bxb5 49. Nxb5 Kd7 50. Ke2 Kc6 51. Bd4 Rh8 52. Bc3 Kb6 53. f4 Kc5 54. Kd3 Rd8+ 55. Nd4 Kd5 56. Bxa5 Ra8 57. e4+ Kc5 58. Nb3+ Kc6 59. Kc4 Re8 60. Nd4+ Kb7 61. Kd5 Ra8 62. Nb3 Kc8 63. e5 fxe5 64. fxe5 Kd7 65. Bb6 Rf8 66. e6+ Ke8 67. a5 Rf1 68. a6 Rd1+ 69. Kc6 1-0

[Event "St Petersburg Korchnoi Memorial op"]
[Site "St Petersburg"]
[Date "2024.08.17"]
[Round "1"]
[White "Gorlov, Artem"]
[Black "Tumaev, Vladimir"]
[Result "1-0"]
[WhiteElo "2114"]
[BlackElo "1754"]
[PlyCount "63"]
[EventDate "2024.08.17"]
[EventType "swiss"]
[EventRounds "9"]
[EventCountry "RUS"]
[SourceTitle "CBM 221 Extra"]
[Source "ChessBase"]
[SourceDate "2024.09.30"]
[SourceVersion "1"]
[SourceVersionDate "2024.09.30"]
[SourceQuality "1"]

1. d4 d5 2. c4 c6 3. Nf3 Nf6 4. e3 a6 5. Nc3 b5 6. b3 Bg4 7. Be2 e6 8. 0-0 Be7 9. Ne5 Bxe2 10. Qxe2 0-0 11. c5 a5 12. Bb2 Qc7 13. a3 Nbd7 14. Nd3 Ne4 15. Nd1 e5 16. f3 Ng5 17. Nxe5 Nxe5 18. dxe5 Bxc5 19. f4 Ne4 20. Nf2 Nxf2 21. Rxf2 Qb6 22. Rf3 d4 23. exd4 Bxd4+ 24. Kh1 Rfd8 25. Raf1 c5 26. f5 Bxb2 27. Qxb2 h6 28. f6 g6 29. Qc1 Kh7 30. Rh3 h5 31. Rxh5+ gxh5 32. Qg5 1-0

[Event "St Petersburg Korchnoi Memorial op"]
[Site "St Petersburg"]
[Date "2024.08.17"]
[Round "2"]
[White "Smirnov, Platon"]
[Black "Gorlov, Artem"]
[Result "1/2-1/2"]
[WhiteElo "1912"]
[BlackElo "2114"]
[PlyCount "186"]
[EventDate "2024.08.17"]
[EventType "swiss"]
[EventRounds "9"]
[EventCountry "RUS"]
[SourceTitle "CBM 221 Extra"]
[Source "ChessBase"]
[SourceDate "2024.09.30"]
[SourceVersion "1"]
[SourceVersionDate "2024.09.30"]
[SourceQuality "1"]

1. e4 c5 2. Nf3 d6 3. d4 cxd4 4. Nxd4 Nf6 5. Nc3 g6 6. Be3 Bg7 7. f3 a6 8. Bc4 h5 9. Qd2 Nbd7 10. Nd5 e6 11. Nxf6+ Nxf6 12. 0-0-0 Qc7 13. Bb3 0-0 14. Bh6 Rd8 15. Bxg7 Kxg7 16. Qg5 Bd7 17. h4 Rac8 18. a3 b5 19. c3 Qb6 20. Qe3 Qc7 21. g4 a5 22. gxh5 Nxh5 23. Kb1 b4 24. cxb4 axb4 25. axb4 Rb8 26. Qc3 Qxc3 27. bxc3 Rdc8 28. Kb2 Kf6 29. Rd2 Ke7 30. Ra1 Rc7 31. Ra6 Nf4 32. Ra1 e5 33. Ne2 Ng2 34. Rad1 Nxh4 35. Rxd6 Nxf3 36. R6d3 Ng5 37. Re3 Bc6 38. Ng3 Rh8 39. Rc1 Rb8 40. Bc2 Bb5 41. Bb3 Bc4 42. Bxc4 Rxc4 43. Kb3 Rbxb4+ 44. cxb4 Rxc1 45. b5 Ne6 46. Ne2 Rb1+ 47. Kc4 Rb2 48. Nc3 Nd4 49. Re1 Nc2 50. Rc1 f5 51. b6 Kd6 52. Rg1 Ne3+ 53. Kd3 Ng4 54. Rf1 Nh2 55. Rg1 Ng4 56. Rf1 Ke6 57. Na4 fxe4+ 58. Kc3 Rb5 59. Rg1 Ne3 60. Rxg6+ Kd5 61. Rg8 Nd1+ 62. Kd2 Rb1 63. Kc2 Rb4 64. Kxd1 Kc6 65. Rg6+ Kb5 66. Nc3+ Ka6 67. Rg4 Rxb6 68. Rxe4 Re6 69. Kd2 Kb6 70. Kd3 Rd6+ 71. Ke3 Re6 72. Rc4 Rc6 73. Nd5+ Kb5 74. Re4 Rc5 75. Rxe5 Kc6 76. Kd4 Rc1 77. Re6+ Kd7 78. Ra6 Rd1+ 79. Ke5 Re1+ 80. Kf5 Re2 81. Nc3 Re1 82. Ne4 Kc7 83. Ke5 Kd7 84. Rd6+ Kc7 85. Rd4 Kc6 86. Rc4+ Kd7 87. Ra4 Kc7 88. Ra7+ Kc6 89. Ra2 Kd7 90. Ra7+ Kc6 91. Re7 Rd1 92. Re6+ Kc7 93. Rh6 Re1 1/2-1/2

[Event "St Petersburg Korchnoi Memorial op"]
[Site "St Petersburg"]
[Date "2023.08.20"]
[Round "4"]
[White "Lekhtonen, Yaroslav"]
[Black "Gorlov, Artem"]
[Result "0-1"]
[WhiteElo "1852"]
[BlackElo "2138"]
[PlyCount "60"]
[EventDate "2023.08.18"]
[EventType "swiss"]
[EventRounds "9"]
[EventCountry "RUS"]
[SourceTitle "CBM 216 Extra"]
[Source "ChessBase"]
[SourceDate "2023.11.30"]
[SourceVersion "1"]
[SourceVersionDate "2023.11.30"]
[SourceQuality "1"]

1. d4 Nf6 2. c4 e6 3. Nc3 Bb4 4. e3 Qe7 5. Bd3 0-0 6. Nge2 d6 7. a3 Bxc3+ 8. Nxc3 e5 9. 0-0 Re8 10. Bc2 h6 11. d5 Nbd7 12. e4 Nf8 13. f3 Ng6 14. Be3 Nh5 15. b4 Ngf4 16. Ne2 Qg5 17. Nxf4 Nxf4 18. Bxf4 exf4 19. c5 Re5 20. cxd6 cxd6 21. Rc1 Qf6 22. Qd4 Bh3 23. Rf2 Rc8 24. Rd1 Bd7 25. Qxa7 Rh5 26. Qxb7 Qh4 27. Qxd7 Qxh2+ 28. Kf1 Qh1+ 29. Ke2 Rxc2+ 30. Rd2 Qc1 0-1

[Event "St Petersburg Korchnoi Memorial op"]
[Site "St Petersburg"]
[Date "2023.08.19"]
[Round "3"]
[White "Gorlov, Artem"]
[Black "Golubov, Saveliy"]
[Result "0-1"]
[WhiteElo "2138"]
[BlackElo "2481"]
[PlyCount "102"]
[EventDate "2023.08.18"]
[EventType "swiss"]
[EventRounds "9"]
[EventCountry "RUS"]
[SourceTitle "CBM 216 Extra"]
[Source "ChessBase"]
[SourceDate "2023.11.30"]
[SourceVersion "1"]
[SourceVersionDate "2023.11.30"]
[SourceQuality "1"]

1. d4 g6 2. e4 Bg7 3. Nc3 d6 4. Nge2 a6 5. a4 Nc6 6. Be3 Nf6 7. h3 0-0 8. g3 Bd7 9. Bg2 Qc8 10. g4 e5 11. d5 Ne7 12. Ng3 c6 13. g5 Ne8 14. Qd2 b5 15. dxc6 Bxc6 16. axb5 axb5 17. 0-0 Qd7 18. Rxa8 Bxa8 19. Bc5 f5 20. gxf6 Rxf6 21. Rd1 h5 22. Qd3 Bc6 23. Bb4 Qa7 24. Qe3 Qd7 25. Qd3 Bh6 26. Nf1 Qa7 27. Ne3 Kh8 28. Qe2 Bg5 29. Kh1 Bh4 30. f3 Qb8 31. Ned5 Nxd5 32. Nxd5 Rf7 33. Qe3 Kh7 34. Bd2 g5 35. Be1 Bxe1 36. Qxe1 Bxd5 37. exd5 Ng7 38. Qg3 Kh6 39. h4 gxh4 40. Qxh4 Nf5 41. Qf2 Qa7 42. Qd2+ Qe3 43. Bh3 Qxd2 44. Rxd2 Nd4 45. Bf1 Rxf3 46. Bd3 Rf4 47. c3 Nf3 48. Rd1 e4 49. Bxb5 Rh4+ 50. Kg2 Rh2+ 51. Kf1 e3 0-1

[Event "St Petersburg Korchnoi Memorial op"]
[Site "St Petersburg"]
[Date "2023.08.18"]
[Round "1"]
[White "Gorlov, Artem"]
[Black "Afineevskij, Ilya"]
[Result "1-0"]
[WhiteElo "2138"]
[BlackElo "1621"]
[PlyCount "97"]
[EventDate "2023.08.18"]
[EventType "swiss"]
[EventRounds "9"]
[EventCountry "RUS"]
[SourceTitle "CBM 216 Extra"]
[Source "ChessBase"]
[SourceDate "2023.11.30"]
[SourceVersion "1"]
[SourceVersionDate "2023.11.30"]
[SourceQuality "1"]

1. d4 Nf6 2. c4 c5 3. d5 b5 4. cxb5 a6 5. e3 axb5 6. Bxb5 Bb7 7. Nc3 Qa5 8. Bd2 Qb6 9. Qb3 e6 10. Bc4 Qxb3 11. Bxb3 c4 12. Bxc4 exd5 13. Bf1 Nc6 14. Nf3 Nb4 15. Nd4 Bc5 16. Ncb5 0-0 17. a3 Rfc8 18. Rb1 Nc6 19. Nb3 Bf8 20. Be2 Ne4 21. N5d4 Nxd4 22. Nxd4 Bc5 23. Nb3 Be7 24. Bd3 Ba6 25. Bxa6 Rxa6 26. f3 Nxd2 27. Kxd2 Rb8 28. Nd4 Rab6 29. b4 Ra6 30. Rb3 Rba8 31. Nb5 Rb8 32. Nc3 Rd6 33. Kd3 Bf6 34. Ne2 Rc6 35. Rc1 Kf8 36. Rxc6 dxc6 37. Nd4 Bxd4 38. Kxd4 Ke7 39. Kc5 Kd7 40. a4 Ra8 41. a5 Ra6 42. Ra3 f5 43. b5 cxb5 44. Kxb5 Ra8 45. a6 Rb8+ 46. Kc5 Ke6 47. a7 Ra8 48. f4 Rc8+ 49. Kb6 1-0